| 000 | 00723cab a2200241 4500 | ||
|---|---|---|---|
| 001 | X3705 | ||
| 008 | 090401t1996 xxu||||| |||| 00| 0 eng d | ||
| 035 | _a(Sirsi) u32258 | ||
| 041 | _aeng | ||
| 100 | _aBartlett, P. | ||
| 245 | _aBalancing environmental care with energy exploration | ||
| 260 | _c1996 | ||
| 350 | _a0 | ||
| 490 |
_aCSM (Chartered Surveyor Monthly) _v5(10) July/August 1996, 27(1) |
||
| 520 | _aSummarises a report which looks at issues raised by offshore energy projects. | ||
| 650 | _aMARINE ENVIRONMENT | ||
| 650 | _aOFFSHORE PROJECTS | ||
| 650 | _aOIL INDUSTRY | ||
| 690 | _aENVIRONMENTAL AND LAND CONSULTANCY-ENERGY | ||
| 690 |
_aEnvironment _96238 |
||
| 942 | _n0 | ||
| 948 | _c04/03/1997 | ||
| 999 |
_c21650 _d21650 |
||